| 000 | 00000nas##2200000za#4500 |
| 001 | 9.512823 |
| 003 | CaOODSP |
| 005 | 20200325125513 |
| 007 | ta |
| 008 | 150406c2000||||xxc|| m #||||f| |0fre|d |
| 040 | |aCaOODSP|bfre |
| 043 | |an-cn--- |
| 086 | 1 |aA21-46F |
| 110 | 1 |aCanada. |bAgriculture et agroalimentaire Canada. |bDirection générale des politiques. |
| 245 | 10|aRecherche dans le cadre du partenariat rural canadien / |cPublié par le Secrétariat rural. |
| 260 | |aOttawa - Ontario : |bAgriculture et Agroalimentaire Canada. |
| 563 | |aReliure à spirale |
| 775 | 08|tCanadian rural partnership research / |w(CaOODSP)9.514398 |
| 776 | 0#|tRecherche dans le cadre du partenariat rural canadien |w(CaOODSP)9.502506 |